| 000 | 00795cam a2200241 a 4500 | ||
|---|---|---|---|
| 003 | MX-MxUPN | ||
| 005 | 20240227124738.0 | ||
| 008 | 190403s1985 mx a r 000 0 spa d | ||
| 020 | _a9683100309 | ||
| 035 | _aUPN01000230018 | ||
| 040 |
_aMX-MxUPN _bspa |
||
| 041 | 1 |
_aTepehuan _aspa |
|
| 050 | 4 |
_aPM4356 Z4 _bF73 1985 |
|
| 245 | 1 | 0 |
_aFrases utiles en tepehuan y en español : _btepehuán del sureste, Santa María de Ocotán, Durango |
| 250 | _aSegunda edición | ||
| 260 |
_aMéxico, D.F. : _bInstituto Lingüístico de Verano, _c1985. |
||
| 300 |
_a45 páginas : _bilustraciones |
||
| 650 | 4 |
_951238 _aTepehuan _xPalabras y frases |
|
| 700 | 1 |
_951236 _aRamírez Solís, Cornelio _ecolaboración |
|
| 902 | _bVíctorGodínez/270224 | ||
| 942 |
_2lcc _cFOLL |
||
| 999 |
_c202113 _d202113 |
||